Winnie the witch / (Record no. 104336)
[ view plain ]
| 000 -LEADER | |
|---|---|
| fixed length control field | 00656nam a2200169 a 4500 |
| 005 - DATE AND TIME OF LATEST TRANSACTION | |
| control field | 20140412111319.0 |
| 008 - FIXED-LENGTH DATA ELEMENTS--GENERAL INFORMATION | |
| fixed length control field | 000901s19uu xx 00 eng d |
| 020 ## - INTERNATIONAL STANDARD BOOK NUMBER | |
| International Standard Book Number | 0-19-272358-8 |
| 050 ## - LIBRARY OF CONGRESS CALL NUMBER | |
| Classification number | BB |
| Item number | Wi72 1998 |
| 100 ## - MAIN ENTRY--PERSONAL NAME | |
| Personal name | Paul, Korky |
| 245 ## - TITLE STATEMENT | |
| Title | Winnie the witch / |
| Statement of responsibility, etc | Korky Paul and Valerie Thomas. |
| 260 ## - PUBLICATION, DISTRIBUTION, ETC. (IMPRINT) | |
| Place of publication, distribution, etc | Great Claredon St., Oxford : |
| Name of publisher, distributor, etc | Oxford University Press, |
| Date of publication, distribution, etc | 1998. |
| 300 ## - PHYSICAL DESCRIPTION | |
| Extent | 1 v. (unp.) ; ill. |
| 520 ## - SUMMARY, ETC. | |
| Summary, etc | Winnie the Witch lived in a black house. It had black carpets, black chairs, a black bed with black sheets, and black pictures on the walls. It even had a black bath. |
| 650 ## - SUBJECT ADDED ENTRY--TOPICAL TERM | |
| Topical term or geographic name as entry element | Witches stories - Fiction |
| Withdrawn status | Lost status | Damaged status | Home library | Current library | Shelving location | Date acquired | Source of acquisition | Total Checkouts | Full call number | Barcode | Date last seen | Price effective from | Koha item type |
|---|---|---|---|---|---|---|---|---|---|---|---|---|---|
| Elizalde Library | Elizalde Library | Big Books Section | 09/01/2000 | BB Wi72 1998 | E7373 | 04/12/2014 | 04/12/2014 | Books |